000 00380nam a2200157 i 4500
001 bg
100 1 _aCOLIN, Andrew J. T.
245 0 _aWstęp do systemów operacyjnych /
_cA.J.T. Colin.
260 _aWarszawa,
_c1976.
650 9 _aSystemy operacyjne
040 _cBPK
041 _apol
080 _a681.322.066
942 _cKS
008 s pl f |000 0 pol
999 _c27408
_d27408
856 _uhttp://koha.tu.koszalin.pl/cgi-bin/koha/opac-detail.pl?biblionumber=27408
_yKatalog online BPK